Fallout 3: All skills - Statistics

General Stats
  • This quiz has been taken 24 times
  • The average score is 10 of 13
Answer Stats
Answer % Correct
Big Guns
89%
Speech
89%
Barter
84%
Small guns
79%
Lockpick
74%
Medicine
74%
Repair
74%
Science
74%
Unarmed
74%
Energy Weapons
68%
Explosives
68%
Melee Weapons
63%
Sneak
63%
No matching quizzes found
Score Distribution
Percent of People with Each Score
Percentile by Number Answered
Your Score History
You have not taken this quiz